[Event "TCh-TUR Super League 2014"]
[Site "Kocaeli TUR"]
[Date "2014.08.25"]
[Round "8.4"]
[Board "10"]
[White "Kargaci, Humeyra"]
[Black "Temel, Burcu Melis"]
[Result "0-1"]
[WhiteElo "1588"]
[BlackElo "1753"]
[WhiteTeam "Ankara Demirspor Kulubu"]
[BlackTeam "Akdeniz Belediyesi Spor Kulubu"]
[WhiteFideId "6360980"]
[BlackFideId "6345492"]
[EventDate "2014.08.18"]

1. e4 c5 2. Nc3 a6 3. a4 b6 4. f4 Bb7 5. Nf3 e6 6. d3 d5 7. exd5 exd5 8. Qe2+
Be7 9. g3 Nf6 10. Bg2 O-O 11. O-O Nc6 12. b3 Re8 13. Bb2 Bd6 14. Qd2 Ne7 15. Ne5
Nf5 16. Ne2 Qc7 17. Bh3 Bc8 18. Bg2 Rb8 19. g4 Nh4 20. h3 Nxg2 21. Kxg2 d4 22.
Nc4 Nd5 23. Nxd6 Qxd6 24. Nxd4 cxd4 25. Bxd4 Bb7 26. Kg3 Nf6 27. Qf2 Ba8 28.
Rae1 Qc6 29. Rxe8+ Nxe8 30. Re1 Nc7 31. Be5 Rc8 32. Qe2 Ne6 33. f5 Ng5 34. h4
Nf3 35. Rc1 Nxe5 36. Qxe5 Qg2+ 37. Kf4 Qf3+ 38. Kg5 f6+ 0-1

[Event "TCh-TUR Super League 2014"]
[Site "Kocaeli TUR"]
[Date "2014.08.25"]
[Round "8.5"]
[Board "1"]
[White "Guner, Sati Emre"]
[Black "Artemiev, Vladislav"]
[Result "0-1"]
[BlackTitle "GM"]
[WhiteElo "2041"]
[BlackElo "2650"]
[WhiteTeam "Aliaga Genclik VE Spor Kulubu Dernegi"]
[BlackTeam "Istanbul Teknik Universitesi Socar – K.N.I."]
[WhiteFideId "6304192"]
[BlackFideId "24101605"]
[EventDate "2014.08.18"]

1. e4 c5 2. Nf3 e6 3. d4 cxd4 4. Nxd4 a6 5. Nc3 d6 6. Bd3 Nf6 7. O-O Nbd7 8. Kh1
Qc7 9. f4 b5 10. Qf3 Bb7 11. a3 Be7 12. Bd2 Nc5 13. Rae1 O-O 14. Qh3 Rfd8 15. b4
Nxd3 16. cxd3 Rac8 17. g4 d5 18. e5 Ne4 19. Nb1 Nxd2 20. Nxd2 Qc3 21. N2b3 a5
22. Rc1 Qb2 23. Ra1 a4 24. Rfb1 Qc3 25. Rc1 Bxb4 26. Rxc3 Bxc3 27. Rb1 axb3 28.
Nxb3 d4+ 29. Kg1 Bd5 30. Qf1 Ra8 31. Qc1 b4 32. axb4 Ra2 33. Qf1 Bxb4 34. h3 Rc8
35. Nc1 Rac2 36. Ne2 Bd2 37. Qd1 Be3+ 38. Kf1 g5 39. f5 Bf3 40. Rb8 Bxe2+ 41.
Qxe2 Rc1+ 0-1

[Event "TCh-TUR Super League 2014"]
[Site "Kocaeli TUR"]
[Date "2014.08.25"]
[Round "8.5"]
[Board "2"]
[White "Klinova, Masha"]
[Black "Yasar, Ugur"]
[Result "1-0"]
[WhiteTitle "IM"]
[WhiteElo "2312"]
[BlackElo "1777"]
[WhiteTeam "Istanbul Teknik Universitesi Socar – K.N.I."]
[BlackTeam "Aliaga Genclik VE Spor Kulubu Dernegi"]
[WhiteFideId "2802015"]
[BlackFideId "6324754"]
[EventDate "2014.08.18"]

1. e4 d5 2. exd5 Nf6 3. d4 Bg4 4. Nf3 Qxd5 5. Be2 Nc6 6. h3 Bf5 7. O-O e6 8. Be3
Be7 9. c4 Qd7 10. Nc3 Rd8 11. a3 O-O 12. Qb3 Na5 13. Qa2 Ne4 14. Ne5 Qc8 15.
Rad1 Bf6 16. Nxe4 Bxe5 17. dxe5 Bxe4 18. b4 Nc6 19. Qb2 b6 20. f3 Bg6 21. Bg5
Rxd1 22. Rxd1 Nxe5 23. Qxe5 f6 24. Qe3 fxg5 25. Qxg5 Qe8 26. c5 Rf5 27. Qh4 Rd5
28. Re1 Bf7 29. Bc4 Rh5 30. Qf4 Qd7 31. cxb6 axb6 32. Qe4 Kf8 33. Bxe6 Bxe6 34.
Qxe6 Qxe6 35. Rxe6 Rd5 36. Rc6 Rd7 37. Kf2 Ke8 38. h4 Kd8 39. Ke3 Rd1 40. Rc3
Rg1 41. g4 Kd7 42. h5 h6 43. Kf4 Rd1 44. Ke4 Re1+ 45. Kf5 Kd6 46. Kg6 Re7 47. b5
Kd5 48. a4 Kd4 49. Rc1 Kd3 50. g5 hxg5 51. Kxg5 Ke2 52. f4 Kf3 53. Rc4 Rd7 54.
Kg6 Re7 55. f5 Rd7 56. h6 1-0

[Event "TCh-TUR Super League 2014"]
[Site "Kocaeli TUR"]
[Date "2014.08.25"]
[Round "8.5"]
[Board "3"]
[White "Ozkan, Ufuk"]
[Black "Kinsiz, Onur"]
[Result "0-1"]
[WhiteElo "1717"]
[BlackElo "2239"]
[WhiteTeam "Aliaga Genclik VE Spor Kulubu Dernegi"]
[BlackTeam "Istanbul Teknik Universitesi Socar – K.N.I."]
[WhiteFideId "6349218"]
[BlackFideId "6301517"]
[EventDate "2014.08.18"]

1. d4 Nf6 2. Nf3 e6 3. Bf4 c5 4. e3 b6 5. c3 Bb7 6. Nbd2 cxd4 7. exd4 Be7 8. Bd3
O-O 9. Ne5 d6 10. Ng4 Nbd7 11. Qe2 Nxg4 12. Qxg4 f5 13. Qh3 e5 14. dxe5 dxe5 15.
Be3 e4 16. Bc4+ Kh8 17. O-O-O Qc7 18. Be6 f4 19. Bd4 Nf6 20. Nc4 Bc8 21. Ne5
Bxe6 22. Ng6+ Kg8 23. Qxe6+ Rf7 24. Ne5 Rf8 25. Nxf7 Rxf7 26. Be5 Qb7 27. Bxf4
h6 28. Be5 Bf8 29. Rd8 Kh7 30. Rhd1 Qe7 31. Qxe7 Bxe7 32. R8d2 Ng4 33. Rd5 Nxf2
34. Rg1 Rf5 0-1

[Event "TCh-TUR Super League 2014"]
[Site "Kocaeli TUR"]
[Date "2014.08.25"]
[Round "8.5"]
[Board "4"]
[White "Deruni, Berc"]
[Black "Demiral, Abdulkadir"]
[Result "1-0"]
[WhiteElo "2125"]
[BlackElo "1699"]
[WhiteTeam "Istanbul Teknik Universitesi Socar – K.N.I."]
[BlackTeam "Aliaga Genclik VE Spor Kulubu Dernegi"]
[WhiteFideId "6302173"]
[BlackFideId "6349021"]
[EventDate "2014.08.18"]

1. Nf3 Nf6 2. d4 e6 3. c4 b6 4. a3 Bb7 5. Nc3 d5 6. cxd5 Nxd5 7. e3 c5 8. Bd3
cxd4 9. exd4 Be7 10. O-O Nd7 11. Re1 Rc8 12. Nxd5 Bxd5 13. Ba6 Ra8 14. Bf4 O-O
15. Rc1 Bf6 16. Bc7 Qe7 17. Bg3 Nb8 18. Bb5 a6 19. Bc4 Qb7 20. Bxd5 Qxd5 21. Qc2
b5 22. Ne5 Qxd4 23. Red1 Qb6 24. Ng4 e5 25. Qf5 Ra7 26. Nxe5 Bxe5 27. Bxe5 Qg6
28. Qf3 Rd7 29. Re1 f6 30. Bg3 Rfd8 31. h3 Qd3 32. Qa8 Qd5 33. Qxd5+ Rxd5 34.
Bxb8 Rxb8 35. Re7 h6 36. Rcc7 Rg5 37. h4 Rg6 38. g3 Rd8 39. Kg2 h5 40. Rc5 Rh6
41. Re6 b4 42. Rxa6 bxa3 43. bxa3 Rd2 44. a4 Rg6 45. Rxh5 Rg4 46. Rf5 Kf7 47. h5
Ra2 48. a5 Rga4 49. h6 gxh6 50. Rfxf6+ Kg7 51. Rg6+ Kf7 52. Rxh6 1-0

[Event "TCh-TUR Super League 2014"]
[Site "Kocaeli TUR"]
[Date "2014.08.25"]
[Round "8.5"]
[Board "6"]
[White "Abdumalik, Zhansaya"]
[Black "Ozaltun, Gokce"]
[Result "1-0"]
[WhiteTitle "WGM"]
[WhiteElo "2333"]
[BlackElo "1433"]
[WhiteTeam "Istanbul Teknik Universitesi Socar – K.N.I."]
[BlackTeam "Aliaga Genclik VE Spor Kulubu Dernegi"]
[WhiteFideId "13703544"]
[BlackFideId "6345069"]
[EventDate "2014.08.18"]

1. e4 c5 2. Nf3 d6 3. d4 cxd4 4. Nxd4 Nf6 5. Nc3 a6 6. h3 e6 7. g4 h6 8. Bg2 Be7
9. Be3 Qc7 10. Qe2 Nc6 11. f4 Nxd4 12. Bxd4 e5 13. Be3 exf4 14. Bxf4 O-O 15. O-O
Bd7 16. Rad1 Rad8 17. Qe3 Be6 18. Kh1 Bc4 19. Rf2 b5 20. a3 Qc5 21. Qd2 Rfe8 22.
Be3 Qc8 23. Bb6 Rd7 24. Bd4 Rdd8 25. g5 Nh7 26. gxh6 Bg5 27. Be3 gxh6 28. Rg1
Be6 29. h4 Bxh4 30. Bf1+ Kh8 31. Bd4+ 1-0

[Event "TCh-TUR Super League 2014"]
[Site "Kocaeli TUR"]
[Date "2014.08.25"]
[Round "8.5"]
[Board "7"]
[White "Cingoz, Ozan"]
[Black "Ipatov, Alexander"]
[Result "0-1"]
[BlackTitle "GM"]
[WhiteElo "1930"]
[BlackElo "2614"]
[WhiteTeam "Aliaga Genclik VE Spor Kulubu Dernegi"]
[BlackTeam "Istanbul Teknik Universitesi Socar – K.N.I."]
[WhiteFideId "6333397"]
[BlackFideId "14116731"]
[EventDate "2014.08.18"]

1. Nf3 Nf6 2. g3 b5 3. Bg2 Bb7 4. O-O e6 5. d3 d6 6. e4 Nbd7 7. Nbd2 Be7 8. Re1
c5 9. c3 O-O 10. Qe2 a6 11. h3 Nb6 12. g4 Rc8 13. Nh2 e5 14. f4 c4 15. d4 exd4
16. cxd4 d5 17. e5 Ne4 18. Nxe4 dxe4 19. Rd1 c3 20. Bxe4 Bxe4 21. Qxe4 Qd5 22.
Qxd5 Nxd5 23. bxc3 Rxc3 24. Kg2 Rc2+ 25. Kg3 Nc3 26. Re1 Ne2+ 27. Rxe2 Rxe2 28.
Nf1 Re1 29. Bb2 Rxa1 30. Bxa1 Rc8 31. Ne3 Rc1 32. Bb2 Rb1 33. Nd5 Kf8 0-1

[Event "TCh-TUR Super League 2014"]
[Site "Kocaeli TUR"]
[Date "2014.08.25"]
[Round "8.5"]
[Board "9"]
[White "Karaoglan, Kivanc"]
[Black "Sanal, Vahap"]
[Result "0-1"]
[BlackTitle "IM"]
[WhiteElo "1903"]
[BlackElo "2473"]
[WhiteTeam "Aliaga Genclik VE Spor Kulubu Dernegi"]
[BlackTeam "Istanbul Teknik Universitesi Socar – K.N.I."]
[WhiteFideId "6329152"]
[BlackFideId "6300545"]
[EventDate "2014.08.18"]

1. e4 e5 2. Nc3 Nc6 3. Bc4 g6 4. d3 Na5 5. Bb3 Bg7 6. f4 d6 7. Nf3 Ne7 8. O-O
O-O 9. fxe5 Nxb3 10. axb3 dxe5 11. Be3 f5 12. exf5 gxf5 13. Qd2 Ng6 14. Bh6 b6
15. Rae1 Re8 16. Bxg7 Kxg7 17. Qf2 Bb7 18. Qg3 Qf6 19. Ng5 h6 20. Nge4 Qe6 21.
Nd2 Rad8 22. Nc4 Kh7 23. Qh3 Bc8 24. Nb5 Qe7 25. Nxa7 Bd7 26. d4 e4 27. Na3 c6
28. Qc3 Qd6 29. Nc4 Qc7 30. Ra1 Ra8 31. d5 Rxa7 32. d6 Qb8 33. Qf6 Rf8 0-1

[Event "TCh-TUR Super League 2014"]
[Site "Kocaeli TUR"]
[Date "2014.08.25"]
[Round "8.5"]
[Board "10"]
[White "Sade, Defne"]
[Black "Ozaltun, Ecem"]
[Result "1/2-1/2"]
[WhiteTitle "WCM"]
[WhiteElo "1530"]
[BlackElo "1531"]
[WhiteTeam "Istanbul Teknik Universitesi Socar – K.N.I."]
[BlackTeam "Aliaga Genclik VE Spor Kulubu Dernegi"]
[WhiteFideId "6371884"]
[BlackFideId "6345050"]
[EventDate "2014.08.18"]

1. e4 c5 2. Nf3 d6 3. d4 cxd4 4. Nxd4 Nf6 5. Nc3 e6 6. Be2 a6 7. O-O Be7 8. Be3
Qc7 9. f4 b5 10. a3 Bb7 11. Bf3 Nbd7 12. Qe1 Nc5 13. Bd2 Qb6 14. Kh1 Rb8 15. b4
Ncd7 16. Nb3 Qc7 17. Qg3 g6 18. Rae1 Nb6 19. e5 Nfd5 20. Nxd5 Nxd5 21. Nd4 Qc4
22. Qf2 Qc7 23. Qg3 Qd8 24. Bxd5 Bxd5 25. Qe3 Qc7 26. c3 Rc8 27. Nf3 h6 28. exd6
Qxd6 29. Ne5 Bh4 30. Re2 Be7 31. Qd4 Rg8 32. Rfe1 Rd8 33. Qf2 Qc7 34. Qg3 Kf8
35. Qh3 h5 36. Re3 Qb7 37. R3e2 Qc7 38. Re3 Qb7 1/2-1/2

[Event "TCh-TUR Super League 2014"]
[Site "Kocaeli TUR"]
[Date "2014.08.25"]
[Round "8.6"]
[Board "1"]
[White "Alekseev, Evgeny"]
[Black "Mamedov, Nidjat"]
[Result "1-0"]
[WhiteTitle "GM"]
[BlackTitle "GM"]
[WhiteElo "2675"]
[BlackElo "2624"]
[WhiteTeam "Antalya Calli Spor Kulubu"]
[BlackTeam "Mersin Ezgi Satranc Kulubu"]
[WhiteFideId "4138147"]
[BlackFideId "13400819"]
[EventDate "2014.08.18"]

1. e4 d5 2. exd5 Qxd5 3. Nc3 Qa5 4. d4 Nf6 5. Nf3 Bf5 6. Bc4 e6 7. Bd2 Bb4 8. a3
Bxc3 9. Bxc3 Qb6 10. d5 Nbd7 11. Nd4 O-O-O 12. Nxf5 exf5 13. O-O Rhe8 14. Ba2
Re4 15. Qd2 f4 16. Rad1 g5 17. Bd4 Qd6 18. f3 Re7 19. Qa5 Re2 20. c4 c5 21. dxc6
Qxc6 22. c5 g4 23. Bxf6 Qxf6 24. Bd5 g3 25. Bxb7+ Kb8 26. Bc6 Rxb2 27. Bxd7 Qe7
28. Rb1 Qe5 1-0

[Event "TCh-TUR Super League 2014"]
[Site "Kocaeli TUR"]
[Date "2014.08.25"]
[Round "8.6"]
[Board "2"]
[White "Duman, Aydin"]
[Black "Safarli, Eltaj"]
[Result "0-1"]
[BlackTitle "GM"]
[WhiteElo "2244"]
[BlackElo "2649"]
[WhiteTeam "Mersin Ezgi Satranc Kulubu"]
[BlackTeam "Antalya Calli Spor Kulubu"]
[WhiteFideId "6301304"]
[BlackFideId "13402129"]
[EventDate "2014.08.18"]

1. e4 c5 2. Nf3 Nc6 3. d4 cxd4 4. Nxd4 e6 5. c4 Nf6 6. Nc3 Bb4 7. Nxc6 dxc6 8.
Qxd8+ Kxd8 9. f3 e5 10. Be3 Be6 11. O-O-O+ Kc7 12. Kc2 b6 13. a3 Be7 14. Be2 a6
15. Rd2 b5 16. Rhd1 Rhc8 17. g4 h6 18. Nd5+ cxd5 19. exd5 Bxd5 20. cxd5 Ne8 21.
f4 exf4 22. Bxf4+ Bd6 23. Rd4 Bxf4 24. Rxf4 Nd6 25. Kd2 Kb6 26. Rc1 Rxc1 27.
Kxc1 Re8 28. Kd2 Kc5 29. Bf3 Nc4+ 30. Kc2 f6 31. b4+ Kd6 32. a4 Re3 33. axb5
axb5 34. h4 Ne5 35. Bd1 Ng6 36. Rf3 Re4 37. h5 Nf4 38. Ra3 Nxd5 39. Ra7 Rc4+ 40.
Kd2 Nc7 41. Rb7 Rxb4 42. Rb8 Rd4+ 43. Ke1 b4 44. Rb6+ Ke5 45. Rb7 Kd6 46. Rb6+
Kc5 47. Rb7 Ne6 48. Re7 Rd6 49. Bb3 Nd4 50. Bg8 b3 51. Bxb3 Nxb3 52. Rxg7 Nd4
53. Rg6 f5 54. Kf2 fxg4 55. Rxg4 Rd5 0-1

[Event "TCh-TUR Super League 2014"]
[Site "Kocaeli TUR"]
[Date "2014.08.25"]
[Round "8.6"]
[Board "3"]
[White "Yurtseven, Melih"]
[Black "Ataman, Alper Efe"]
[Result "1-0"]
[BlackTitle "FM"]
[WhiteElo "2271"]
[BlackElo "2141"]
[WhiteTeam "Antalya Calli Spor Kulubu"]
[BlackTeam "Mersin Ezgi Satranc Kulubu"]
[WhiteFideId "6312160"]
[BlackFideId "6301606"]
[EventDate "2014.08.18"]

1. e4 g6 2. d4 Bg7 3. Nf3 d6 4. Bc4 Nf6 5. Qe2 O-O 6. h3 c6 7. e5 Nd5 8. O-O Na6
9. a3 Nac7 10. Bb3 b5 11. Nbd2 h6 12. Ne4 Be6 13. Ng3 Qd7 14. Qe4 f5 15. Qd3 Qe8
16. c3 Qf7 17. Bc2 Rad8 18. Re1 c5 19. a4 c4 20. Qe2 b4 21. Bd2 a5 22. h4 b3 23.
Bb1 f4 24. Nf1 Nb6 25. h5 Bf5 26. Bxf5 Qxf5 27. Nh4 Qxh5 28. Qxh5 gxh5 29. Ng6
dxe5 30. dxe5 Ne6 31. Nxf8 Rxf8 32. Re4 Nc5 33. Rxf4 Nd3 34. Rxf8+ Kxf8 35. Be3
Nd5 36. Nd2 Nxe3 37. fxe3 Nxe5 38. Rf1+ Ke8 39. Rf4 Nd3 40. Nxc4 Nxf4 41. exf4
Kd7 42. Nd2 Kc6 43. Nxb3 Kb6 44. Kf2 Bf6 45. Ke3 h4 46. Ke4 Ka6 47. Kd5 Kb6 48.
Nd2 1-0

[Event "TCh-TUR Super League 2014"]
[Site "Kocaeli TUR"]
[Date "2014.08.25"]
[Round "8.6"]
[Board "4"]
[White "Sengul, Cengiz"]
[Black "Ertan, Can"]
[Result "1-0"]
[BlackTitle "FM"]
[WhiteElo "2201"]
[BlackElo "2246"]
[WhiteTeam "Mersin Ezgi Satranc Kulubu"]
[BlackTeam "Antalya Calli Spor Kulubu"]
[WhiteFideId "6302785"]
[BlackFideId "6306330"]
[EventDate "2014.08.18"]

1. c4 e5 2. Nc3 Nf6 3. Nf3 Nc6 4. e4 Bc5 5. Nxe5 O-O 6. Nf3 Re8 7. d3 Ng4 8. d4
Nxd4 9. Nxd4 d5 10. cxd5 c6 11. Be3 Nxe3 12. fxe3 Qg5 13. Qd3 cxd5 14. O-O-O Bg4
15. Be2 Bxd4 16. Qxd4 Bxe2 17. Nxe2 Rac8+ 18. Nc3 Rxe4 19. Qxd5 Qxe3+ 20. Qd2
Qb6 21. Rhe1 Rec4 22. Qe3 Qc6 23. Rd4 Rxd4 24. Qxd4 Qh6+ 25. Qe3 Qc6 26. Qe4 Qd7
27. Rd1 Qc7 28. Kb1 Kh8 29. Qf5 f6 30. Nb5 Qb8 31. Nd6 Rf8 32. Qd7 h6 33. Re1 b5
34. Nf5 Rg8 35. Nxh6 1-0

[Event "TCh-TUR Super League 2014"]
[Site "Kocaeli TUR"]
[Date "2014.08.25"]
[Round "8.6"]
[Board "5"]
[White "Sari, Yasin"]
[Black "Hajiyev, Shahin"]
[Result "1-0"]
[WhiteElo "2076"]
[BlackElo "2014"]
[WhiteTeam "Antalya Calli Spor Kulubu"]
[BlackTeam "Mersin Ezgi Satranc Kulubu"]
[WhiteFideId "6320902"]
[BlackFideId "13401238"]
[EventDate "2014.08.18"]

1. e4 c5 2. Nf3 d6 3. d4 cxd4 4. Nxd4 Nf6 5. Nc3 a6 6. Bc4 e6 7. Bb3 b5 8. Bg5
Bd7 9. f4 Qc7 10. Bxf6 gxf6 11. f5 b4 12. Na4 e5 13. Qh5 Bb5 14. Ne6 Qb7 15.
O-O-O Nc6 16. Nxf8 Rxf8 17. Rxd6 Qe7 18. Re6 Nd4 19. Rxe7+ Kxe7 20. Nb6 1-0

[Event "TCh-TUR Super League 2014"]
[Site "Kocaeli TUR"]
[Date "2014.08.25"]
[Round "8.6"]
[Board "6"]
[White "Kaya, Emel"]
[Black "Mammadova, Gulnar"]
[Result "0-1"]
[WhiteTitle "WCM"]
[BlackTitle "WGM"]
[WhiteElo "2000"]
[BlackElo "2334"]
[WhiteTeam "Mersin Ezgi Satranc Kulubu"]
[BlackTeam "Antalya Calli Spor Kulubu"]
[WhiteFideId "6306411"]
[BlackFideId "13403508"]
[EventDate "2014.08.18"]

1. e4 g6 2. d4 c6 3. Nc3 Bg7 4. Nf3 d6 5. a4 Nf6 6. Be2 O-O 7. O-O Nbd7 8. h3
Qc7 9. Be3 e5 10. Nd2 Re8 11. dxe5 Nxe5 12. f4 Ned7 13. Bf3 Nf8 14. Nc4 d5 15.
exd5 Nxd5 16. Bd4 Nxc3 17. Bxc3 Bxc3 18. bxc3 Be6 19. Qd6 Qd8 20. Qd3 Qxd3 21.
cxd3 Bxc4 22. dxc4 Ne6 23. a5 a6 24. Rab1 Nc5 25. f5 gxf5 26. Bh5 Re5 27. g4 Kg7
28. Rbd1 fxg4 29. hxg4 Rf8 30. Rd6 f5 31. Rf4 Rf6 32. Rd8 fxg4 33. Rxg4+ Kh6 34.
Be8 Rg5 35. Rxg5 Kxg5 36. Bd7 Rd6 37. Rg8+ Rg6 0-1

[Event "TCh-TUR Super League 2014"]
[Site "Kocaeli TUR"]
[Date "2014.08.25"]
[Round "8.6"]
[Board "7"]
[White "Burcu, Cagatay"]
[Black "Iskandarov, Misratdin"]
[Result "0-1"]
[BlackTitle "IM"]
[WhiteElo "2099"]
[BlackElo "2397"]
[WhiteTeam "Antalya Calli Spor Kulubu"]
[BlackTeam "Mersin Ezgi Satranc Kulubu"]
[WhiteFideId "6310630"]
[BlackFideId "13400312"]
[EventDate "2014.08.18"]

1. d4 Nf6 2. Nf3 g6 3. Nbd2 Bg7 4. e4 d6 5. Bd3 O-O 6. O-O Nc6 7. c3 e5 8. Re1
Nh5 9. Nb3 exd4 10. cxd4 a5 11. a4 Bg4 12. Be2 Nb4 13. h3 Be6 14. Bd2 b6 15. d5
Bd7 16. Nfd4 Nf6 17. f3 Re8 18. Bb5 Bxb5 19. Nxb5 Nh5 20. Bc3 Nf4 21. Qd2 Bh6
22. Qd4 Re5 23. Qc4 Qg5 24. Qf1 Qg3 25. Bxe5 dxe5 26. Kh1 Nbd3 0-1

[Event "TCh-TUR Super League 2014"]
[Site "Kocaeli TUR"]
[Date "2014.08.25"]
[Round "8.6"]
[Board "8"]
[White "Ibrahimova, Sabina"]
[Black "Durmaz, Ayca Fatma"]
[Result "1-0"]
[WhiteTitle "WIM"]
[BlackTitle "WCM"]
[WhiteElo "2263"]
[BlackElo "1867"]
[WhiteTeam "Mersin Ezgi Satranc Kulubu"]
[BlackTeam "Antalya Calli Spor Kulubu"]
[WhiteFideId "13403893"]
[BlackFideId "6317855"]
[EventDate "2014.08.18"]

1. e4 c5 2. Nf3 e6 3. d4 cxd4 4. Nxd4 Nf6 5. Nc3 Nc6 6. a3 d5 7. Bb5 Bd7 8. exd5
Nxd5 9. Nxd5 exd5 10. O-O Qf6 11. Re1+ Be7 12. Nf3 Be6 13. Bg5 Qxb2 14. Bxc6+
bxc6 15. Bxe7 Kxe7 16. Nd4 Kd7 17. Rb1 Qc3 18. Re3 Qc4 19. Rxe6 fxe6 20. Qg4
Rhe8 21. Rb7+ Kd6 22. Qxg7 Rac8 23. Qd7+ 1-0

[Event "TCh-TUR Super League 2014"]
[Site "Kocaeli TUR"]
[Date "2014.08.25"]
[Round "8.6"]
[Board "9"]
[White "Tasdogen, Dincer"]
[Black "Oner, Oguz"]
[Result "1-0"]
[WhiteElo "1797"]
[BlackElo "1787"]
[WhiteTeam "Antalya Calli Spor Kulubu"]
[BlackTeam "Mersin Ezgi Satranc Kulubu"]
[WhiteFideId "6367097"]
[BlackFideId "6329330"]
[EventDate "2014.08.18"]

1. e4 e5 2. Nf3 Nc6 3. Nc3 Nf6 4. Bb5 Bb4 5. O-O O-O 6. d3 d6 7. Bg5 Bxc3 8.
bxc3 Bd7 9. Re1 h6 10. Bh4 Ne7 11. Bxd7 Nxd7 12. Rb1 b6 13. Bxe7 Qxe7 14. d4
Rae8 15. Qd3 Nb8 16. Qc4 c6 17. Nd2 Qc7 18. Rbd1 Nd7 19. a4 g6 20. Qb4 Kg7 21.
Nc4 c5 22. Qb5 Rd8 23. d5 Nf6 24. Qc6 Qe7 25. a5 bxa5 26. Nxa5 Nh5 27. Qa6 Rd7
28. Nc4 f5 29. Qc6 fxe4 30. Rxe4 Nf4 31. Rf1 Rf7 32. g3 Nh3+ 33. Kg2 Qf6 34. f3
Ng5 35. Re3 Qf5 36. Nxd6 Rxd6 37. Qxd6 e4 38. f4 Qh3+ 39. Kg1 Nf3+ 40. Rfxf3
exf3 41. Qe5+ Kh7 42. Rxf3 Qd7 43. d6 Rf5 44. Qe7+ Rf7 45. Re3 Kg8 46. Qe5 Qb5
47. Qe8+ Qxe8 48. Rxe8+ Kg7 49. Rc8 Kf6 50. Rxc5 Rd7 51. Ra5 Rxd6 52. Rxa7 Rd1+
53. Kg2 Rd2+ 54. Kh3 Rxc2 55. Rc7 h5 56. c4 Kf5 57. Rc5+ Ke6 58. Rc6+ Kf5 59. c5
g5 60. fxg5 Kxg5 61. Rc8 Kf6 62. c6 Rc4 63. c7 Kg7 64. Kg2 h4 65. Kf3 h3 66. g4
Rc3+ 67. Kf4 Rc5 68. Kg3 Rc3+ 69. Kh4 Kh7 70. Re8 Rxc7 71. Kxh3 Kg6 72. Re3 Kg5
73. Kg3 Rc1 74. h4+ Kg6 75. Rb3 Rg1+ 76. Kf3 Rf1+ 77. Kg2 Rf6 78. Kg3 Ra6 79.
Rf3 Ra1 80. Rc3 Rg1+ 81. Kf3 Rf1+ 82. Kg2 Ra1 83. Kg3 Rg1+ 84. Kf4 Rf1+ 85. Rf3
Rg1 86. Rf2 Ra1 87. Re2 Rf1+ 88. Ke5 Rh1 89. h5+ Kg5 90. Re4 Ra1 91. Ke6 Ra6+
92. Kf7 Ra7+ 93. Re7 Ra6 94. Kg7 Kxg4 95. h6 Kf5 96. h7 Rg6+ 97. Kf8 Rh6 98. Kg8 1-0

[Event "TCh-TUR Super League 2014"]
[Site "Kocaeli TUR"]
[Date "2014.08.25"]
[Round "8.6"]
[Board "10"]
[White "Mutlu, Beste"]
[Black "Altinoz, Fevziye Ece"]
[Result "1/2-1/2"]
[WhiteElo "1629"]
[BlackElo "1488"]
[WhiteTeam "Mersin Ezgi Satranc Kulubu"]
[BlackTeam "Antalya Calli Spor Kulubu"]
[WhiteFideId "6325050"]
[BlackFideId "6358942"]
[EventDate "2014.08.18"]

1. e4 c5 2. Nf3 d6 3. d4 cxd4 4. Nxd4 Nf6 5. f3 g6 6. c4 Bg7 7. Nc3 O-O 8. Be3
Bd7 9. Qd2 Nc6 10. Be2 b6 11. O-O Rc8 12. Rac1 Nxd4 13. Bxd4 Bc6 14. Rfd1 Re8
15. b4 Bb7 16. a4 Nd7 17. Bxg7 Kxg7 18. Qd4+ f6 19. f4 Nb8 20. Qe3 Nd7 21. Nb5
a6 22. Nc3 Qc7 23. Nd5 Bxd5 24. cxd5 Qb7 25. Bg4 b5 26. a5 Rxc1 27. Rxc1 Rc8 28.
Rc3 Rxc3 29. Qxc3 Qa7+ 30. Kf1 Nf8 31. g3 h6 32. Kg2 g5 1/2-1/2

[Event "TCh-TUR Super League 2014"]
[Site "Kocaeli TUR"]
[Date "2014.08.26"]
[Round "9.1"]
[Board "1"]
[White "Harikrishna, Pentala"]
[Black "Alekseev, Evgeny"]
[Result "1/2-1/2"]
[WhiteTitle "GM"]
[BlackTitle "GM"]
[WhiteElo "2725"]
[BlackElo "2675"]
[WhiteTeam "Istanbul Teknik Universitesi Socar – K.N.I."]
[BlackTeam "Antalya Calli Spor Kulubu"]
[WhiteFideId "5007003"]
[BlackFideId "4138147"]
[EventDate "2014.08.18"]

1. d4 Nf6 2. c4 e6 3. Nf3 d5 4. Nc3 Bb4 5. cxd5 exd5 6. Bg5 Nbd7 7. e3 h6 8.
Bxf6 Qxf6 9. Bd3 O-O 10. O-O Bxc3 11. bxc3 c5 12. Rb1 Rd8 13. Re1 b6 14. e4 dxe4
15. Bxe4 Rb8 16. Qa4 Bb7 17. h4 cxd4 18. cxd4 Qd6 19. Rbc1 Nf6 20. Bxb7 Rxb7 21.
Rc6 Qf4 22. Qa6 Qb8 23. Ne5 Nd7 24. Nc4 Rc7 25. d5 Nc5 26. Qb5 Rxc6 27. dxc6 Qc7
28. a4 Rc8 29. a5 Qxc6 30. Qxc6 Rxc6 31. Re8+ Kh7 32. axb6 axb6 33. Ne3 Rc7 34.
Nd5 Rb7 35. Rc8 Ne6 36. Rc4 b5 37. Rb4 h5 38. f3 Kg6 39. g4 hxg4 40. fxg4 f5 41.
gxf5+ Kxf5 42. Nc3 Nf4 43. Rxb5+ Rxb5 44. Nxb5 Kg4 45. Nd6 Kxh4 46. Nf5+ Kg4 47.
Nxg7 1/2-1/2